00301nam a2200109Ia 4500008004100000041000800041082002300049100002200072245003600094260005300130300000800183230411s9999 xx 000 0 und d aeng aN/613.2/VEN/B04859 aVenkatachalam P S aNutrition for Mother and Child. bNational Institute Of NutritionaHyderabadc2002 a77p